<?xml version="1.0" encoding="UTF-8"?>
<record
    xmlns:xsi="http://www.w3.org/2001/XMLSchema-instance"
    xsi:schemaLocation="http://www.loc.gov/MARC21/slim http://www.loc.gov/standards/marcxml/schema/MARC21slim.xsd"
    xmlns="http://www.loc.gov/MARC21/slim">

  <leader>03471nam a2200445 a 4500</leader>
  <controlfield tag="001">ebr10439146</controlfield>
  <controlfield tag="003">CaPaEBR</controlfield>
  <controlfield tag="006">m        u        </controlfield>
  <controlfield tag="007">cr cn|||||||||</controlfield>
  <controlfield tag="008">090722s2010    ne      s     000 0 eng d</controlfield>
  <datafield tag="010" ind1=" " ind2=" ">
    <subfield code="z">  2009030143</subfield>
  </datafield>
  <datafield tag="020" ind1=" " ind2=" ">
    <subfield code="z">9789004169074 (hbk. : alk. paper)</subfield>
  </datafield>
  <datafield tag="020" ind1=" " ind2=" ">
    <subfield code="z">9789004193307 (e-book)</subfield>
  </datafield>
  <datafield tag="040" ind1=" " ind2=" ">
    <subfield code="a">CaPaEBR</subfield>
    <subfield code="c">CaPaEBR</subfield>
  </datafield>
  <datafield tag="035" ind1=" " ind2=" ">
    <subfield code="a">(OCoLC)695989857</subfield>
  </datafield>
  <datafield tag="043" ind1=" " ind2=" ">
    <subfield code="a">a-sy---</subfield>
    <subfield code="a">a-tu---</subfield>
  </datafield>
  <datafield tag="050" ind1="1" ind2="4">
    <subfield code="a">DS99.A56</subfield>
    <subfield code="b">W55 2009eb</subfield>
  </datafield>
  <datafield tag="082" ind1="0" ind2="4">
    <subfield code="a">956.91/3</subfield>
    <subfield code="2">22</subfield>
  </datafield>
  <datafield tag="100" ind1="1" ind2=" ">
    <subfield code="a">Wilkins, Charles L.</subfield>
  </datafield>
  <datafield tag="245" ind1="1" ind2="0">
    <subfield code="a">Forging urban solidarities</subfield>
    <subfield code="h">[electronic resource] :</subfield>
    <subfield code="b">Ottoman Aleppo, 1640-1700 /</subfield>
    <subfield code="c">by Charles L. Wilkins.</subfield>
  </datafield>
  <datafield tag="260" ind1=" " ind2=" ">
    <subfield code="a">Leiden [Netherlands] ;</subfield>
    <subfield code="a">Boston :</subfield>
    <subfield code="b">Brill,</subfield>
    <subfield code="c">2010.</subfield>
  </datafield>
  <datafield tag="300" ind1=" " ind2=" ">
    <subfield code="a">xvi, 323 p.</subfield>
  </datafield>
  <datafield tag="490" ind1="1" ind2=" ">
    <subfield code="a">The Ottoman Empire and its heritage,</subfield>
    <subfield code="x">1380-6076 ;</subfield>
    <subfield code="v">v. 41</subfield>
  </datafield>
  <datafield tag="505" ind1="0" ind2=" ">
    <subfield code="a">pt. 1. Extraordinary taxes ('avariz) and local administration -- The 'avariz tax regime and the conduct of tax surveys -- The mechanics of local tax administration : land use, personal liability, and apportionment -- The responsibilities and compensation of quarter tax officials -- A fiscal demography of Aleppo -- Urban responses to the Imposition of extraordinary taxes -- The frequency and level of extraordinary tax levies -- Popular strategies for tax relief : tax exemption -- Other individual strategies for tax relief -- Collective action and mutual assistance -- Residential quarters and the question of "positive loyalties" -- pt. 2. Military units : elements of solidarity and division -- Survey of military cadres -- Residence patterns -- Compensation of troops -- Ocaklik and the guards of the Kars Citadel : soldiers, market regulation, and moneylending -- Mobilization and unit solidarity -- The career of 'Ali b. Shabib (d. ca. 1678) -- The episode of 'Ali Agha b. 'Abdullah -- Limits on unit discipline and solidarity -- pt. 3. Solidarity and leadership in the guilds -- Guild self-government -- The leadership of the guilds : two case studies -- The butchers -- The Kasapbasi : compensation and social background -- The tanners -- The Akhi Baba and Shaykh al-Sab'a -- A sketch of one Shaykh al-Sab'a : Sayyid Ibrahim b. Sayyid Rajab al-H'anbali (d. 1678) -- The Shaykh al-Dabbaghin and Naqib al-Dabbaghin -- Relations among guilds -- Guilds : patterns of autonomy and organizational fluidity.</subfield>
  </datafield>
  <datafield tag="533" ind1=" " ind2=" ">
    <subfield code="a">Electronic reproduction.</subfield>
    <subfield code="b">Palo Alto, Calif. :</subfield>
    <subfield code="c">ebrary,</subfield>
    <subfield code="d">2011.</subfield>
    <subfield code="n">Available via World Wide Web.</subfield>
    <subfield code="n">Access may be limited to ebrary affiliated libraries.</subfield>
  </datafield>
  <datafield tag="650" ind1=" " ind2="0">
    <subfield code="a">Taxation</subfield>
    <subfield code="z">Syria</subfield>
    <subfield code="z">Aleppo</subfield>
    <subfield code="x">History</subfield>
    <subfield code="y">17th century.</subfield>
  </datafield>
  <datafield tag="650" ind1=" " ind2="0">
    <subfield code="a">Soldiers</subfield>
    <subfield code="z">Syria</subfield>
    <subfield code="z">Aleppo</subfield>
    <subfield code="x">History</subfield>
    <subfield code="y">17th century.</subfield>
  </datafield>
  <datafield tag="650" ind1=" " ind2="0">
    <subfield code="a">Guilds</subfield>
    <subfield code="z">Syria</subfield>
    <subfield code="z">Aleppo</subfield>
    <subfield code="x">History</subfield>
    <subfield code="y">17th century.</subfield>
  </datafield>
  <datafield tag="650" ind1=" " ind2="0">
    <subfield code="a">City and town life</subfield>
    <subfield code="z">Syria</subfield>
    <subfield code="z">Aleppo</subfield>
    <subfield code="x">History</subfield>
    <subfield code="y">17th century.</subfield>
  </datafield>
  <datafield tag="650" ind1=" " ind2="0">
    <subfield code="a">Solidarity</subfield>
    <subfield code="x">Political aspects</subfield>
    <subfield code="z">Syria</subfield>
    <subfield code="z">Aleppo</subfield>
    <subfield code="x">History</subfield>
    <subfield code="y">17th century.</subfield>
  </datafield>
  <datafield tag="650" ind1=" " ind2="0">
    <subfield code="a">Solidarity</subfield>
    <subfield code="x">Economic aspects</subfield>
    <subfield code="z">Syria</subfield>
    <subfield code="z">Aleppo</subfield>
    <subfield code="x">History</subfield>
    <subfield code="y">17th century.</subfield>
  </datafield>
  <datafield tag="651" ind1=" " ind2="0">
    <subfield code="a">Aleppo (Syria)</subfield>
    <subfield code="x">Politics and government</subfield>
    <subfield code="y">17th century.</subfield>
  </datafield>
  <datafield tag="651" ind1=" " ind2="0">
    <subfield code="a">Aleppo (Syria)</subfield>
    <subfield code="x">Economic conditions</subfield>
    <subfield code="y">17th century.</subfield>
  </datafield>
  <datafield tag="651" ind1=" " ind2="0">
    <subfield code="a">Aleppo (Syria)</subfield>
    <subfield code="x">Social conditions</subfield>
    <subfield code="y">17th century.</subfield>
  </datafield>
  <datafield tag="651" ind1=" " ind2="0">
    <subfield code="a">Turkey</subfield>
    <subfield code="x">History</subfield>
    <subfield code="y">Ottoman Empire, 1288-1918.</subfield>
  </datafield>
  <datafield tag="655" ind1=" " ind2="7">
    <subfield code="a">Electronic books.</subfield>
    <subfield code="2">local</subfield>
  </datafield>
  <datafield tag="710" ind1="2" ind2=" ">
    <subfield code="a">ebrary, Inc.</subfield>
  </datafield>
  <datafield tag="830" ind1=" " ind2="0">
    <subfield code="a">Ottoman Empire and its heritage ;</subfield>
    <subfield code="v">v. 41.</subfield>
  </datafield>
  <datafield tag="856" ind1="4" ind2="0">
    <subfield code="u">http://site.ebrary.com/lib/rucke/Doc?id=10439146</subfield>
    <subfield code="z">An electronic book accessible through the World Wide Web; click to view</subfield>
  </datafield>
  <datafield tag="999" ind1=" " ind2=" ">
    <subfield code="c">244384</subfield>
    <subfield code="d">244384</subfield>
  </datafield>
</record>
